Normal view
MARC view
Entry Personal Name
001 - CONTROL NUMBER
- control field: 73226
003 - CONTROL NUMBER IDENTIFIER
- control field: dpl
005 - DATE AND TIME OF LATEST TRANSACTION
- control field: 20241023122641.0
008 - FIXED-LENGTH DATA ELEMENTS
- fixed length control field: 241023|| aca||aabn | a|a d
040 ## - CATALOGING SOURCE
- Original cataloging agency: dpl
- Transcribing agency: dpl
100 ## - HEADING--PERSONAL NAME
- Personal name: वर्मा, नरेन्द्र कुमार
670 ## - SOURCE DATA FOUND
- Source citation: Work cat.: (dpl)206615: अवस्थी, पुष्पिता 73225, लोकतंत्र भारत की राष्ट्रीयता के युगपुरुष: श्री अटल बिहारी वाजपेयी /, 2024
